Personaggi di Cars - Versione facile - Statistics

Statistiche generali
  • Questo quiz è stato fatto 138 volte
  • Il punteggio medio è 31 su 68
Statistiche sulle risposte
Personaggi di Cars % Corretto
Il protagonista Saetta McQueen
100%
Carro attrezzi suo amico Carl Attrezzi
97%
Quasi fidanzata del protagonista Sally Carrera
95%
L'altro gommista italiano Guido
92%
Gommista italiano Luigi
92%
Giudice, dottore e ex pilota Doc Hudson
87%
Esperto pilota della Dinoco Strip Weathers
82%
Pilota italiano Francesco Benoulli
81%
Vivono in campagna e sonofacilmente spaventabili Trattori
80%
L'eterno secondo Chick Hicks
79%
La barista Flo
75%
Il tatuatore messicano Ramone
75%
Hippy di Radiator Springs Fillmore
71%
Poliziotto del paese Sceriffo
69%
Pompiere del paese Red
66%
Militare in pensione suo amico Sergente
66%
Pilota brasiliana di Cars 2 Carla Veloso
65%
Camion che trasporta ilprotagonista Mack
64%
Agente segreto inglese Finn McMissile
63%
Rivale del protagonista in Cars 3 Jackson Storm
59%
Macchina asfaltatrice Bessie
58%
Gemella fan del protagonista Mia
55%
Allenatrice latinoamericana delprotagonista Cruz Ramirez
53%
Gemella fan del protagonista Tia
53%
Moglie del fondatore Lizzie
52%
Fondatore di Radiator Springs Stanley
52%
Protegge i qui sopra Frank
51%
Pilota anglogrenadiano Lewis Hamilton
51%
Il suo capo Tex Dinoco
48%
Maranza autostradale D.J.
46%
Sua moglie Zio Topolino
45%
Pilota francese Raoul ÇaRoule
44%
Commentatore TV della PistonCup Bob Cutlass
42%
Pilota giapponese Shu Tudoroki
39%
La sua assistente Holley Shiftwell
38%
Suo compagno di commento Darrell Cartrip
37%
Maranza autostradale Wingo
36%
Pilota statunitense Jeff Gorvette
34%
Pilota spagnolo Miguel Camino
34%
Antagonista di Cars 2, magnatedel petrolio Miles Axlerod
34%
Inventore tedesco maligno Professor Zündapp
34%
Suo fratello Rusty Rusteze
34%
Pilota tedesco Max Schnell
32%
Amico del protagonista che correin Piston Cup per la Dinoco Cal Weathers
31%
Proprietario della Rusteze Dusty Rusteze
31%
Maranza autostradale Snot Rod
30%
Maranza autostradale Boost
29%
Amico del protagonista che correin Piston Cup Bobby Swift
28%
Pilota britannico Nigel Gearsley
26%
Catorcio suo scagnozzo Grem
25%
Agente segreto ucciso ad inizioCars 2 Leland Turbo
25%
Si perde a Radiator Springs Van
25%
Catorcio suo scagnozzo Acer
24%
Agente segreto statunitense Rod Redline
24%
Caposquadra del mentore Smokey
24%
Migliore pilota del demolition derby Miss Fritter
23%
Pilota neorearandiano Rip Clutchgoneski
23%
Informatore francese a tre ruote Tomber
23%
Sua moglie Minny
20%
Parente italiano del gommista Mama Topolino
18%
Analista TV di Cars 3 Natalie Certain
17%
Aereo agente segreto Siddeley
17%
Ex pilota della Piston Cup, amicodel mentore Junior Scott
15%
Sua moglie Lynda Weathers
13%
Ex pilota della Piston Cup, amicodel mentore River Scott
13%
Ex pilota della Piston Cup, amicadel mentore Louise Nash
12%
Treno agente segreto Stephenson
9%
Ex pilota della Piston Cup, rivaledel mentore Leroy Heming
8%
Nessun quiz corrispondente trovato
Distribuzione punteggi
Percentuale di utenti per punteggio
Percentile per numero di risposta
I tuoi punteggi nel tempo
Non hai fatto questo quiz